| 000 | 00756 a2200169 4500 | ||
|---|---|---|---|
| 999 |
_c1144 _d1144 |
||
| 020 | _a9956792977 | ||
| 050 | _aGN644 AFR 2014 or DT2908 .AFR 2014 | ||
| 100 |
_aMawere, Munyaradzi _eeditor |
||
| 245 |
_aAfrican cultures, memory and space : _bliving the past presence in Zimbabwean heritage / _cedited by Munyaradzi Mawere & Tapuwa R. Mubaya |
||
| 264 |
_aBamenda, Cameroon : _bLangaa Research & Publishing CIG, _c2014 |
||
| 300 |
_axviii, 245 pages : _billustrations, map |
||
| 500 | _aIncludes bibliographical references [Oxford] : Distributed in and outside N. America by African Books Collective | ||
| 650 |
_aEthnology _xZimbabwe |
||
| 650 |
_aZimbabwe _xCivilization |
||
| 700 |
_aMubaya, Tapuwa R., _e editor |
||
| 942 |
_2lcc _cBK _h644 _iAFR _kGN |
||